|
|
|
|
| LEADER |
00000cam a2200000 4500 |
| 001 |
vtls012054592 |
| 003 |
SK-MaSNL |
| 005 |
20260426001900.0 |
| 008 |
210518s2003 xo gr 000 0 slo |
| 020 |
|
|
|a 1890671282
|q (brožované)
|
| 040 |
|
|
|a SNK
|b slo
|c SNK
|e rda
|
| 041 |
1 |
|
|a slo
|h eng
|
| 043 |
|
|
|a e-xo---
|
| 044 |
|
|
|a xo
|c SK
|
| 072 |
|
7 |
|a 342
|x Ústavné právo. Správne právo
|2 konspekt
|
| 080 |
|
|
|a 342.721:613.888
|2 2011
|
| 080 |
|
|
|a 613.888.151.9
|2 2011
|
| 080 |
|
|
|a 341.231.14
|2 2011
|
| 080 |
|
|
|a 342.7
|2 2001
|
| 080 |
|
|
|a (=214.58)-055.2
|2 2011
|
| 080 |
|
|
|a (437.6)
|2 2011
|
| 080 |
|
|
|a (048.8)
|2 2011
|
| 245 |
0 |
0 |
|a Telo i duša
|b násilné sterilizácie a ďalšie útoky na reprodukčnú slobodu Rómov na Slovensku
|c preklad: Anna Antalová, Miroslava Bartková, Alica Melicháčová, Jana Plulíková
|
| 264 |
|
1 |
|a [Miesto vydania nie je známe]
|b Centrum pre reprodukčné práva
|b Poradňa pre občianske a ľudské práva
|c 2003
|
| 300 |
|
|
|a 139 strán
|c 20 cm
|
| 336 |
|
|
|a text
|b txt
|2 rdacontent
|
| 336 |
|
|
|a statický obraz
|b sti
|2 rdacontent
|
| 337 |
|
|
|a bez média
|b n
|2 rdamedia
|
| 338 |
|
|
|a zväzok
|b nc
|2 rdacarrier
|
| 500 |
|
|
|a Preložené pravdepodobne z angličtiny
|
| 500 |
|
|
|a Obsahuje poznámky
|
| 650 |
0 |
7 |
|a reprodukčné práva
|2 SNKPH
|9 78287
|
| 650 |
0 |
7 |
|a sterilizácia žien
|2 SNKPH
|9 177498
|
| 650 |
0 |
7 |
|a ľudské práva
|2 SNKPH
|9 798
|
| 650 |
0 |
7 |
|a Reproductive rights
|2 SNKPHeng
|9 587028
|
| 650 |
0 |
7 |
|a Sterilization of women
|2 SNKPHeng
|9 361088
|
| 650 |
0 |
7 |
|a Human rights
|2 SNKPHeng
|9 265688
|
| 650 |
0 |
7 |
|a Romani women
|2 SNKPHeng
|9 316788
|
| 650 |
0 |
7 |
|a rómske ženy
|2 SNKPH
|9 72964
|
| 651 |
|
7 |
|a Slovensko
|2 SNKPHgeo
|9 14231
|
| 651 |
|
7 |
|a Slovakia
|2 SNKPHeng
|9 92630
|
| 655 |
|
7 |
|a monografie
|2 SNKPH
|9 70139
|
| 655 |
|
7 |
|a Monographs
|2 SNKPHeng
|9 120675
|
| 700 |
1 |
|
|a Antalová, Anna
|4 trl
|9 302055
|
| 700 |
1 |
|
|a Bartková, Miroslava
|4 trl
|9 587029
|
| 700 |
1 |
|
|a Melicháčová, Alica
|4 trl
|9 332164
|
| 700 |
1 |
|
|a Plulíková, Jana,
|d 1966-
|4 trl
|9 193267
|
| 852 |
|
|
|a Slovenská národná knižnica
|
| 919 |
|
|
|a 1-890671-28-2
|
| 958 |
|
|
|a OP
|
| 958 |
|
|
|a RQ
|
| 958 |
|
|
|a SP
|
| 999 |
|
|
|c 902801
|d 904731
|
| 952 |
|
|
|a SNK
|b SNK
|y PREZ
|7 0
|p 17A1447876
|o snkSD 80567
|i snk2021/4983
|8 7
|0 0
|1 0
|4 0
|d 2021-05-18
|f 1
|l 0
|r 2026-02-24 07:18:46
|w 2026-02-24
|